| 000 | 00365 a2200145 4500 | ||
|---|---|---|---|
| 001 | 164451 | ||
| 020 | _a | ||
| 040 | _cMagnum | ||
| 100 | _aSilva, Laura Belluzo de Campos | ||
| 240 | 1 | 0 |
_aA escolha da profissao: uma abordagem psicossocial _lpor |
| 245 | 1 | 0 | _aA escolha da profissao: uma abordagem psicossocial |
| 362 | 0 | _a1899 | |
| 697 | _aGERAL | ||
| 942 | _cBK | ||
| 999 |
_c164451 _d164451 |
||